Normal view
MARC view
- Serra, Corina
Entry Nombre Personal
001 - NUMERO DE CONTROL
- campo de control: 53525
003 - IDENTIFICADOR DE NUMERO DE CONTROL
- campo de control: MX-MxUPN
005 - FECHA Y HORA DE LA ÜLTIMA TRANSACCIÓN
- campo de control: 20240911100835.0
008 - DATOS DE LONGITUD FIJA
- campo de control de longitud fija: 240911|| aca||aabn | aaa d
040 ## - FUENTE DE CATALOGACIÓN
- Agencia original de catalogación: MX-MxUPN
- Lenguaje de catalogación: spa
- Agencia de transcripción: MX-MxUPN
100 1# - ENCABEZAMIENTO - NOMBRE PERSONAL
- Nombre personal: Serra, Corina
370 ## - LUGAR ASOCIADO
- Place of birth: Universidad del Salvador
372 ## - CAMPO DE ACTIVIDAD
- Field of activity: Psicopedagogía
374 ## - OCUPACIÓN
- Occupation: Psicopedagoga
670 ## - FUENTE EN LA QUE SE LOCALIZARON DATOS
- Cita de la fuente: Psicopedagogía : revisión de conceptos y problemas, 2021 :
- Información localizada: página 186 (Corina Serra. Licenciada en psicopedagogía (USAL). Psicopedagoga de planta en el CESAC 31, hospital Dr. Parmenio Piñero)
902 ## - CATALOGADOR
- Catalogador: MaríaRobles/100924
